01035nam a22002777a 450000500170000001000130001702000260003003500130005603700160006904000120008508200160009724501520011326000480026527000560031330000270036949000060039650000510040265000210045365000330047470000250050770000270053270000270055994200250058699900190061195201270063020170124105934.0 aB-225822 c375.00a9780195692372 aB-225822 bCen Lib/Ret aDPLbEN a339.46bCAP aCapabilities, freedom and equality :cedited by Bina agarwal, Jane Humpheries [and] Ingrid Robeyns bamartya sen's work from a gender perspective / aNew Delhi c2006bOxford University Press  bNew Delhi aYMCA building, jai singh road e110001 axiii, 553p.c21cm(pbk) a  aIncludes bibliographical references and index  aEconomics 98986 aThoughtsxAmratya Sen 98987 aAgarwal, Bina 98988 aHumphries, Jane 98989 aRobeyns, Ingrid 98990 2ddccENh339.46mCAP c124038d124038 00104070aLbLd2015-06-13eCen Lib/Retg375.00l0o339.46 CAPpB-225822r2015-06-13 00:00:00t1v375.00w2015-06-13yEN